| 000 | 02316cam a22004694i 4500 | ||
|---|---|---|---|
| 003 | PE-LiUPU | ||
| 005 | 20250731173348.0 | ||
| 008 | 150706s r 000 0 d | ||
| 020 | _a9788498401592 | ||
| 035 | _a(Sirsi) i9788498401592 | ||
| 040 |
_aPE-LiUPU _bspa _cPE-LiUPU _erda |
||
| 049 | _aPRUA | ||
| 082 | 0 | 4 |
_a238 _bC74 _221 |
| 110 | 2 | _aCongregación para la Doctrina de la Fe | |
| 245 | 1 | 0 |
_aDocumenta : _bdocumentos publicados desde el Concilio Vaticano II hasta nuestros días / _cCongregación para la Doctrina de la Fe. |
| 264 | 1 |
_aMadrid : _bPalabra, _c2007. |
|
| 300 |
_a581 páginas ; _c24 centímetros |
||
| 336 |
_atext _2rdacontent |
||
| 337 |
_aunmediated _2rdamedia |
||
| 338 |
_avolume _2rdacarrier |
||
| 505 | 0 | _aIntroducción sobre los matrimonios mixtos -- Notificación sobre la situación del "Índice" de libros prohibidos -- Carta sobre algunas opiniones erróneas en la interpretación de los decretos del concilio Vaticano II -- Decreto acerca de la interpretación de la "Notificación" sobre el Índice de libros prohibíos -- Introducción acerca de la ceración de comisiones doctrinales en las Conferencias Episcopales -- Fórmulas para la profesión de fe -- Normas para proceder a la reducción al estado laical -- Nueva forma de actuar en el examen de las doctrinas -- Declaración para salvaguardia de la fe acerca de algunos errores recientes sobre los ministerios de la Encarnación y de la santísima trinidad. | |
| 526 | _aSEG42 | ||
| 526 | _aSEG41 | ||
| 526 | _aSEG40 | ||
| 526 | _aSEG39 | ||
| 526 | _aP94 | ||
| 526 | _aP87 | ||
| 526 | _aP86 | ||
| 526 | _aP85 | ||
| 526 | _aP77 | ||
| 526 | _aP76 | ||
| 526 | _aP35 | ||
| 541 | _g007-0020481; | ||
| 610 | 2 |
_aIglesia Católica _9950 |
|
| 610 | 2 |
_aIglesia Católica _xCongregatio pro Doctrina Fidei. |
|
| 910 |
_agl _bjv _cng _d20091223 |
||
| 942 |
_2ddc _cBOOK |
||
| 949 |
_a238 C74 _wDEWEY _c1 _i60907 _lCCODEBUL1 _mBUL _p60.00 _r0 _sY _tBOOK _u2015-7-6 _xTEOLOGIA _zUNKNOWN _0COMPRA _o.STAFF. Colección General |
||
| 994 |
_aC0 _bPEPRU |
||
| 596 | _a1 | ||
| 999 |
_a238 C74 _wDEWEY _c50266 _i60907 _d50266 _f2021-11-10 _g5 _lCCODEBUL1 _mBUL _p60.00 _q1 _r0 _sY _tBOOK _u2015-7-6 _xTEOLOGIA _zUNKNOWN _0COMPRA _o.STAFF. Colección General |
||
| 980 |
_81 _gALBERTO SANCHEZ Responsable de Automatización |
||